হিমুসমগ্র /

Detaylı Bibliyografya
Yazar: আহমেদ, হুমায়ূন ১৯৪৮-২০১২
Materyal Türü: Kitap
Dil:Bengali
Baskı/Yayın Bilgisi: ঢাকা : অনন্যা, ২০১২, ২০১৮ [ষষ্ঠ মুদ্রণ]
Konular:
Classic Catalogue: View this record in Classic Catalogue
LEADER 01887nam a22003257i 4500
001 28214
003 BD-DhAAL
005 20210208121449.0
008 150507r20182006bg 000 1 ben
999 |c 34367  |d 34367 
020 |a 9844126118 
040 |a BD-DhAAL  |b eng  |e rda  |c BD-DhAAL 
041 |a ben 
082 |a 891.44371 
100 1 |a আহমেদ, হুমায়ূন  |d ১৯৪৮-২০১২,  |9 6691 
245 1 0 |a হিমুসমগ্র /  |c হুমায়ূন আহমেদ 
246 |a Himu samagra 
260 |a ঢাকা :  |b অনন্যা,  |c ২০১২, ২০১৮ [ষষ্ঠ মুদ্রণ] 
300 |a ১১৮৪ পৃষ্ঠা ;  |c ২২ সে.মি. 
500 |a Novel. 
526 |a AAL 
541 |a Hye trade international  |e 29214, 37289, 37290 
546 |a In Bengali. 
651 0 |a Bangladesh  |x Fiction  |9 6692 
852 |a Ayesha Abed Library  |c General Stacks 
942 |2 ddc  |c BK 
952 |0 0  |1 0  |2 ddc  |4 0  |6 891_443710000000000_AHA  |7 0  |9 53664  |a BRACUL  |b BRACUL  |c GEN  |d 2015-05-07  |e BRAC Institute of Language (BIL)  |l 14  |m 91  |o 891.44371 AHA  |p 3010029214  |r 2025-10-08  |s 2025-09-24  |t 1  |w 2015-05-07  |y BK  |x Transferred from BIL to BRACUL on 06/06/22 
952 |0 0  |1 0  |2 ddc  |4 0  |6 891_443710000000000_AHA  |7 0  |9 58076  |a SCL  |b SCL  |c GEN  |d 2016-02-19  |g 480.00  |l 19  |m 51  |o 891.44371 AHA  |p 3020007870  |r 2026-03-04  |s 2026-02-07  |t 2  |w 2016-02-19  |y BK 
952 |0 0  |1 0  |2 ddc  |4 0  |6 891_443710000000000_AHA  |7 0  |9 69216  |a BRACUL  |b BRACUL  |c GEN  |d 2020-12-09  |e Hye trade international  |g 649.50  |l 9  |m 70  |o 891.44371 AHA  |p 3010037290  |r 2026-02-17  |s 2025-12-22  |t 4  |v 649.50  |w 2020-12-09  |y BK  |x Received during COVID-19 pandemic 
952 |0 0  |1 0  |2 ddc  |4 0  |6 891_443710000000000_AHA  |7 0  |9 69217  |a BRACUL  |b BRACUL  |c GEN  |d 2020-12-09  |e Hye trade international  |g 649.50  |l 20  |m 100  |o 891.44371 AHA  |p 3010037289  |q 2026-05-20  |r 2026-04-06  |s 2026-04-06  |t 3  |v 649.50  |w 2020-12-09  |y BK  |x Cataloguing during COVID-19 pandemic